000 00999nam a22001937a 4500
999 _c62039
_d62039
003 Ge_BSU
005 20240626122154.0
008 240626s1956 ge ||||| |||| 00| 0 geo d
041 _ageo
080 _a371.7+ 613.955 კ-66
100 _aკოვზირიძე, ზ.
_922550
245 _aმოსწავლეთა ჰიგიენური აღზრდა და ჰიგიენის ელემენტების სწავლება დაწყებით სკოლაში /
_cზ. კოვზირიძე; რედ. ს. საყვარელიძე.
264 _aთბილისი :
_bსაქმედგამი,
_c1956.
300 _a136 გვ. ;
_b20 სმ.
504 _aბიბლიოგრ.: გვ. 130-132.
653 _aმოსწავლეთა ჰიგიენური აღზრდა
700 _aსაყვარელიძე, ს.
_eრედაქტორი
_922594
942 _2udc
_cᲬᲘᲒᲜᲘ